书目信息 |
| 题名: |
漢藏語研究論文集
|
|
| 作者: | 龚煌城 著 | |
| 分册: | ||
| 出版信息: | 北京 北京大学出版社 2004.9 |
|
| 页数: | 431页 | |
| 开本: | 21cm | |
| 丛书名: | 语言学前沿丛书 | |
| 单 册: | ||
| 中图分类: | H4-53 | |
| 科图分类: | ||
| 主题词: | 汉藏语系--han cang yu xi , 汉藏语系--han cang yu xi--研究--文集 | |
| 电子资源: | ||
| ISBN: | 7-301-07949-4 | |
| 000 | 01133nam0 2200313 45 | |
| 001 | 012005000794 | |
| 005 | 20061115153125.43 | |
| 010 | @a7-301-07949-4@dCNY50.00 | |
| 100 | @a20050217d2004 emky0chiy0121 ea | |
| 101 | 0 | @achi@aeng |
| 102 | @aCN@b110000 | |
| 105 | @ay a 000yy | |
| 200 | 1 | @a漢藏語研究論文集@Ahan cang yu yan jiu lun wen ji@f龔煌城著 |
| 210 | @a北京@c北京大学出版社@d2004.9 | |
| 215 | @a431页@c图@d21cm | |
| 225 | 2 | @a语言学前沿丛书@Ayu yan xue qian yan con shu@d= Series of linguistic frontiers@h第五种@zeng |
| 306 | @a台湾“中央研究院”《语言暨语言学》授权出版 | |
| 320 | @a有书目 | |
| 330 | @a本书所收录的是作者过去二十多年来所发表的有关汉语、藏语、及汉藏语比较研究的中英文论文, 一共收了十五篇。 | |
| 410 | 0 | @12001 @a语言学前沿丛书@h第五种 |
| 510 | 1 | @aCollected papers on Sino-Tibetan linguistics@zeng |
| 518 | 1 | @a汉藏语研究论文集 |
| 606 | 0 | @a汉藏语系@Ahan cang yu xi |
| 606 | 0 | @a汉藏语系@Ahan cang yu xi@x研究@j文集 |
| 690 | @aH4-53@v4 | |
| 701 | 0 | @a龚煌城@Agon huang cheng@4著 |
| 730 | 1 | @a龔煌城@Agon huang cheng@4著 |
| 801 | 0 | @aCN@c20061115 |
| 905 | @apdsgxy@dH4-53@eG423 | |
| 漢藏語研究論文集/龔煌城著.-北京:北京大学出版社,2004.9 |
| 431页:图;21cm.-(语言学前沿丛书= Series of linguistic frontiers.第五种) |
| ISBN 7-301-07949-4:CNY50.00 |
| 本书所收录的是作者过去二十多年来所发表的有关汉语、藏语、及汉藏语比较研究的中英文论文, 一共收了十五篇。 |
| ● |
| 相关链接 |
|
|
|
正题名:漢藏語研究論文集
索取号:H4-53/G423
 
预约/预借
| 序号 | 登录号 | 条形码 | 馆藏地/架位号 | 状态 | 备注 |
| 1 | 637717 | 206377179 | 语言库209/209语言库 135排2列5层/ [索取号:H4-53/G423] | 在馆 | |
| 2 | 637718 | 206377188 | 语言库209/209语言库 135排2列5层/ [索取号:H4-53/G423] | 在馆 |